مسابقة خريطة أوقيانوسيا - Statistics

الإحصائيات العامة
  • هذا الإختبار تم الخضوع له 161 مره
  • الدرجة المتوسطة هي 6 من 16
Answers on the Map
Answers color-coded by a green-red scale on the quiz's map according to % correct below.
 
إحصائيات الإجابة
Answer % صحيح
أستراليا
99%
نيوزيلاندا
72%
بابوا غينيا الجديدة
71%
جزر سليمان
39%
فيجي
38%
كاليدونيا الجديدة (فرنسا)
27%
جزر مارشال
27%
بالاو
26%
كيريباتي
25%
ناورو
24%
ميكرونيزيا
23%
بولينيزيا الفرنسية
22%
فانواتو
20%
ساموا
19%
تونغا
17%
توفالو
14%
No matching quizzes found
توزيع النقاط
نسبة الأشخاص لكل درجة
النسبة وفقا للأرقام
سجل النقاط الخاصة بك
لم تضخع لهذا الإختبار